000
00250nam a2200109Ia 4500
008
190216s9999||||xx |||||||||||||| ||und||
100
_a
Guest A G
245
0
_a
Anson`S Law Of Contract
260
_b
Agra Book Stall
_c
1968
300
_a
655p
942
_c
BK
999
_c
3955
_d
3955